01466nam a2200217Ia 45000010005000000080041000050100009000460410014000550820014000692450167000832600027002503000007002775200007002846300023002916300014003146500024003287000047003527000039003997000035004385200775004732853241029s9999 xx 000 0 und d a2684 aEspañol aNO APLICA 0aImpacto de la organización y gestión pedagógica en los Centros Educativos Urbanos del Nivel Básico del Distrito 05-02 de San Pedro de Macorís, 2007-2008 aSan Pedro de Macorís a55 a37 aCentros Educativos aGestión aGestión Educativa easesora Disla Sánchez, José Francisco eautora Martínez, Bernardo Julio eautora Soriano, Marcia Estela aLa investigación estuvo basada en determinar el impacto de la organización y la gestión pedagógica en el funcionamiento de los centros educativos urbanos del nivel básico del Distrito 05-02 de San Pedro de Macorís. Se describieron cada uno de los elementos en cuestión sobre el impacto de la organización y la gestión pedagógica en los centros educativos, por esto el estudio es de tipo descriptivo. El estudio estuvo compuesto por una muestra de 18 directores, 72 docentes, 340 estudiantes y 163 padres y madres.Los resultados arrojaron que el nivel de interés de los docentes y los empleados en participar en los procesos de capacitación sigue aumentando, lo que eleva la calidad de la educación y de vida de cada actor del proceso educativo.